000 00823 a2200205 4500
001 62838
005 20260407155922.0
008 260407a1980 arg spa d
003 AR-UNSa-BCEJYS
040 _aAR-UNSa-BCEJYS
_bspa
_cAR-UNSa-BCEJYS
080 _a339.92
_xCooperación económica internacional. Integración económica internacional
245 1 0 _aAnálisis comparativo de los tratados de Montevideo
_p1960 y 1980
264 1 _aBuenos Aires :
_bBID/INTAL (Banco Interamericano de Desarrollo. Instituto para la integración de América Latina)
_c1980
300 _a40 p.
_c28 cm.
041 _aspa
942 _cBK
590 _aniveau_biblio:m niveau_hierar:0
100 1 _aBanco Interamericano de Desarrollo. Instituto para la Integración de América Latina (BID-INTAL)
700 1 _aBarros Charlín, Raymundo
999 _c7842
_d7842